| 000 | 00583nam a2200229Ia 4500 | ||
|---|---|---|---|
| 003 | OSt | ||
| 005 | 20230504103910.0 | ||
| 008 | 210423s2010 xx 000 0 und d | ||
| 020 | _a9780195693409 | ||
| 040 | _cAL | ||
| 041 | _aeng | ||
| 082 |
_a621.38132 BELD _223 |
||
| 100 |
_aBELL (David A ). _994978 |
||
| 245 | _aElectronic devices and circuits. | ||
| 250 | _a5 | ||
| 260 |
_aNew York _bOxford University Press _c2010 |
||
| 300 |
_axx,1072 _bPB |
||
| 365 |
_b395 _cINR |
||
| 650 |
_aElectronics _994979 |
||
| 906 | _acircuits. ; devices ; Electronic | ||
| 942 |
_2ddc _cBK |
||
| 999 |
_c161962 _d161962 |
||